000 00444nam a22001817a 4500
003 MPLRDC
005 20220104144247.0
008 210129b ||||| |||| 00| 0 eng d
082 _a870.8 MJMZ v.6
100 _a戴夫妮. 莫里耶著; 沈锦惠译
245 _a牙买加客栈
_c
250 _a初版
260 _a
_b好时年出版社
_c1979
300 _b
490 _a名家名著;6
650 _a
942 _cBK
_o870.8 MJMZ v.6
999 _c47906
_d47896